Динамика; Сборник задач по физике (с решениями)
| Parent link: | Сборник задач по физике (с решениями): учебное пособие/ С. И. Кузнецов, Т. Н. Мельникова, Е. Н. Степанова; Национальный исследовательский Томский политехнический университет (НИ ТПУ). Динамика.— , 2010- |
|---|---|
| 1. Verfasser: | |
| Körperschaft: | |
| Weitere Verfasser: | , |
| Zusammenfassung: | Заглавие с титульного экрана Электронная версия печатной публикации В учебном пособии рассмотрены основные вопросы кинематики, приведены методические указания по решению типовых задач, а так же приведены задачи для самостоятельного решения и тесты. Цель пособия - помочь студентам освоить материал программы, научить активно применять теоретические основы физики как рабочий аппарат, позволяющий решать конкретные задачи, приобрести уверенность в самостоятельной работе. Пособие подготовлено на кафедре общей физики НИ ТПУ, по программе курса физики высших технических учебных заведений. Соответствует инновационной политике ТПУ, направлено на активизацию научного мышления и познавательной деятельности студентов. Предназначено для межвузовского использования студентами технических специальностей очной и дистанционной форм обучения Режим доступа: из корпоративной сети ТПУ |
| Sprache: | Russisch |
| Veröffentlicht: |
2010
|
| Schlagworte: | |
| Online-Zugang: | http://www.lib.tpu.ru/fulltext2/m/2010/m91.pdf |
| Format: | Elektronisch Buch |
| KOHA link: | https://koha.lib.tpu.ru/cgi-bin/koha/opac-detail.pl?biblionumber=180176 |
MARC
| LEADER | 00000nam2a2200000 4500 | ||
|---|---|---|---|
| 001 | 180176 | ||
| 005 | 20250628120503.0 | ||
| 035 | |a (RuTPU)RU\TPU\book\195325 | ||
| 035 | |a RU\TPU\book\195323 | ||
| 090 | |a 180176 | ||
| 100 | |a 20100511d2010 k y0rusy50 ca | ||
| 101 | 0 | |a rus | |
| 102 | |a RU | ||
| 105 | |a a j 000zy | ||
| 135 | |a vrcn ---uucaa | ||
| 181 | 0 | |a i | |
| 182 | 0 | |a b | |
| 200 | 0 | |a Динамика | |
| 203 | |a Текст |c электронный | ||
| 210 | |d 2010 | ||
| 300 | |a Заглавие с титульного экрана | ||
| 300 | |a Электронная версия печатной публикации | ||
| 330 | |a В учебном пособии рассмотрены основные вопросы кинематики, приведены методические указания по решению типовых задач, а так же приведены задачи для самостоятельного решения и тесты. Цель пособия - помочь студентам освоить материал программы, научить активно применять теоретические основы физики как рабочий аппарат, позволяющий решать конкретные задачи, приобрести уверенность в самостоятельной работе. Пособие подготовлено на кафедре общей физики НИ ТПУ, по программе курса физики высших технических учебных заведений. Соответствует инновационной политике ТПУ, направлено на активизацию научного мышления и познавательной деятельности студентов. Предназначено для межвузовского использования студентами технических специальностей очной и дистанционной форм обучения | ||
| 333 | |a Режим доступа: из корпоративной сети ТПУ | ||
| 337 | |a Adobe Reader | ||
| 461 | 1 | |0 180152 |9 180152 |t Сборник задач по физике (с решениями) |o учебное пособие |f С. И. Кузнецов, Т. Н. Мельникова, Е. Н. Степанова |g Национальный исследовательский Томский политехнический университет (НИ ТПУ) |v Динамика |d 2010- | |
| 606 | 1 | |a Физика |2 stltpush |3 (RuTPU)RU\TPU\subj\63709 |9 80688 | |
| 606 | 1 | |a Динамика |2 stltpush |3 (RuTPU)RU\TPU\subj\69927 |9 84564 | |
| 610 | 1 | |a кинематика | |
| 610 | 1 | |a сила | |
| 610 | 1 | |a импульсы | |
| 610 | 1 | |a равновесие | |
| 610 | 1 | |a давление | |
| 610 | 1 | |a вязкость | |
| 610 | 1 | |a неразрывность | |
| 610 | 1 | |a напряженность | |
| 610 | 1 | |a потенциал | |
| 610 | 1 | |a ток | |
| 610 | 1 | |a проводники | |
| 610 | 1 | |a диэлектрики | |
| 610 | 1 | |a конденсаторы | |
| 610 | 1 | |a заряды | |
| 610 | 1 | |a поле | |
| 610 | 1 | |a индукция | |
| 610 | 1 | |a самоиндукция | |
| 610 | 1 | |a трансформаторы | |
| 610 | 1 | |a задачи | |
| 610 | 1 | |a скорость | |
| 610 | 1 | |a ускорение | |
| 610 | 1 | |a самостоятельные решения | |
| 610 | 1 | |a общая физика | |
| 610 | 1 | |a динамика | |
| 610 | 1 | |a учебные пособия | |
| 610 | 1 | |a труды учёных ТПУ | |
| 610 | 1 | |a электронный ресурс | |
| 675 | |a 53(076) |v 3 | ||
| 675 | |a 531.3(076) |v 3 | ||
| 700 | 1 | |a Кузнецов |b С. И. |c физик |c доцент Томского политехнического университета, кандидат технических наук |f 1952- |g Сергей Иванович |9 12947 | |
| 701 | 1 | |a Мельникова |b Т. Н. |c физик |c старший преподаватель Томского политехнического университета |f 1952- |g Тамара Николаевна |9 12049 | |
| 701 | 1 | |a Степанова |b Е. Н. |c физик |c доцент Томского политехнического университета, кандидат технических наук |f 1981- |g Екатерина Николаевна |9 12050 | |
| 712 | 0 | 2 | |a Национальный исследовательский Томский политехнический университет |c (2009- ) |9 26305 |
| 801 | 2 | |a RU |b 63413507 |c 20200828 |g RCR | |
| 850 | |a 63413507 | ||
| 856 | 4 | |u http://www.lib.tpu.ru/fulltext2/m/2010/m91.pdf | |
| 942 | |c CF | ||